000 00399nam a2200157Ia 4500
008 210210b1989 xxu||||| |||| 00| 0 eng d
020 _a033392 903 9
082 _a338.52 RYAP
100 _aRYAN (W J L) and PEARCE (D W).
245 _aPrice theory.
260 _aDelhi.
_bMacmillan India Ltd.
_c1989
300 _axvi,399
650 _aPrice theory
690 _aMicroeconomics
906 _a044888
999 _c94605
_d94605